[Event "Valle Region-ch U20 Girls"]
[Site "Cali"]
[Date "2013.02.22"]
[Round "1.1"]
[White "Chavez, Diana Maria"]
[Black "Lopez Cuayal, Daniela Fernanda"]
[Result "1-0"]
[WhiteElo "1868"]
[BlackElo "1619"]
[PlyCount "71"]
[EventDate "2013.02.22"]
[EventType "swiss"]
[EventRounds "5"]
[EventCountry "COL"]
[SourceTitle "EXT 2024"]
[Source "ChessBase"]
[SourceDate "2023.10.10"]
[SourceVersion "1"]
[SourceVersionDate "2023.10.10"]
[SourceQuality "1"]

1. d4 e6 2. Nf3 d5 3. c4 Bb4+ 4. Bd2 c5 5. Bxb4 cxb4 6. Qa4+ Nc6 7. e3 Nge7 8. Be2 Bd7 9. Qb3 Rc8 10. Nbd2 a5 11. a4 bxa3 12. bxa3 0-0 13. 0-0 b6 14. Rab1 Rb8 15. Rb2 dxc4 16. Qxc4 Nd5 17. e4 Nf4 18. d5 exd5 19. exd5 Nxe2+ 20. Qxe2 Na7 21. Rc1 Qf6 22. Ne4 Qg6 23. Ne5 Qh6 24. Rc7 Rbc8 25. Rbc2 Rxc7 26. Rxc7 Rc8 27. Qc2 Bf5 28. Nxf7 Qf4 29. Rxc8+ Nxc8 30. Nfg5 h6 31. g3 Qe5 32. Ne6 Bxe6 33. dxe6 Qxe6 34. f3 Nd6 35. Qc6 Kf7 36. Qxd6 1-0

[Event "Pan American-ch U20 Girls"]
[Site "Cali"]
[Date "2010.05.26"]
[Round "9"]
[White "Cordero, Daniela"]
[Black "Chavez, Diana Maria"]
[Result "1-0"]
[WhiteElo "1984"]
[BlackElo "1838"]
[PlyCount "61"]
[EventDate "2010.05.20"]
[EventType "swiss"]
[EventRounds "9"]
[EventCountry "COL"]
[SourceTitle "CBM 136 Extra"]
[Source "ChessBase"]
[SourceDate "2010.07.02"]
[SourceVersion "2"]
[SourceVersionDate "2010.07.15"]
[SourceQuality "1"]

1. d4 c5 2. e3 e6 3. Nf3 d5 4. c4 Nf6 5. Nc3 cxd4 6. exd4 b6 7. cxd5 Nxd5 8. Bb5+ Bd7 9. Bxd7+ Qxd7 10. Ne5 Qc7 11. Qa4+ Nd7 12. Nxd5 exd5 13. Bf4 Bd6 14. Rc1 Qb7 15. 0-0 b5 16. Qb3 0-0 17. Qg3 Nxe5 18. dxe5 Bb8 19. Rc3 d4 20. Rf3 Qe4 21. Qg5 Re8 22. h3 Bxe5 23. Rc1 a6 24. Rc5 Bxf4 25. Rxf4 Qb1+ 26. Kh2 Qxb2 27. Rc7 Rf8 28. Qd5 Rad8 29. Rfxf7 d3 30. Rxg7+ Kh8 31. Rxh7# 1-0

[Event "Pan American-ch U20 Girls"]
[Site "Cali"]
[Date "2010.05.21"]
[Round "3"]
[White "Chavez, Diana Maria"]
[Black "Ramirez, Heimy Polgar"]
[Result "0-1"]
[WhiteElo "1838"]
[BlackElo "2040"]
[PlyCount "98"]
[EventDate "2010.05.20"]
[EventType "swiss"]
[EventRounds "9"]
[EventCountry "COL"]
[SourceTitle "CBM 136 Extra"]
[Source "ChessBase"]
[SourceDate "2010.07.02"]
[SourceVersion "2"]
[SourceVersionDate "2010.07.15"]
[SourceQuality "1"]

1. d4 c5 2. d5 e5 3. e4 d6 4. Be2 g6 5. Nf3 Bg7 6. c4 Ne7 7. Bg5 0-0 8. 0-0 f5 9. Nbd2 f4 10. a3 h6 11. Bxe7 Qxe7 12. b4 b6 13. Ne1 Nd7 14. Bg4 Nf6 15. Bxc8 Raxc8 16. Nd3 g5 17. bxc5 bxc5 18. f3 h5 19. Nb3 g4 20. Na5 Qd7 21. Rb1 Rc7 22. Qe2 Bh6 23. Rb5 h4 24. Rfb1 Qg7 25. Rb7 Rff7 26. Rb8+ Kh7 27. Nc6 Nd7 28. R8b7 gxf3 29. Qxf3 Nb6 30. Rxc7 Rxc7 31. Nb2 Rb7 32. Nd8 Re7 33. Ne6 Qg6 34. Qh3 Qxe4 35. Rd1 Qe3+ 36. Qxe3 fxe3 37. h3 Rf7 38. Rf1 Rxf1+ 39. Kxf1 Kg6 40. Nd8 Kf5 41. Nc6 a6 42. a4 Nd7 43. Ke2 e4 44. a5 Bg5 45. Na4 Ne5 46. Nb6 Nd3 47. Nb8 Nc1+ 48. Kf1 e2+ 49. Ke1 Bf4 0-1

[Event "Pan American-ch U20 Girls"]
[Site "Cali"]
[Date "2010.05.21"]
[Round "2"]
[White "Romero Echeverria, Abigail"]
[Black "Chavez, Diana Maria"]
[Result "1-0"]
[WhiteElo "2051"]
[BlackElo "1838"]
[PlyCount "67"]
[EventDate "2010.05.20"]
[EventType "swiss"]
[EventRounds "9"]
[EventCountry "COL"]
[SourceTitle "CBM 136 Extra"]
[Source "ChessBase"]
[SourceDate "2010.07.02"]
[SourceVersion "2"]
[SourceVersionDate "2010.07.15"]
[SourceQuality "1"]

1. e4 c5 2. c3 d5 3. exd5 Qxd5 4. d4 e6 5. Nf3 Nc6 6. Na3 cxd4 7. Nb5 Bd6 8. Nxd6+ Qxd6 9. Be3 Nf6 10. Nxd4 0-0 11. Be2 Rd8 12. Nxc6 bxc6 13. Qxd6 Rxd6 14. 0-0 Bb7 15. Rfd1 Rxd1+ 16. Rxd1 Nd5 17. Bc5 h6 18. Bf3 a5 19. c4 Nf6 20. b3 a4 21. b4 Rc8 22. h3 Ba6 23. Rc1 Nd7 24. Be3 Ne5 25. Be2 Rd8 26. b5 cxb5 27. cxb5 Bb7 28. a3 Bd5 29. Rc7 Rb8 30. b6 Rb7 31. Ba6 Rb8 32. b7 Kh7 33. Ba7 Nc6 34. Rxc6 1-0

[Event "Cali Deptal Valle (Women)"]
[Site "Cali"]
[Date "2010.05.14"]
[Round "1"]
[White "Viveros Torres, Erica Johana"]
[Black "Chavez, Diana Maria"]
[Result "0-1"]
[WhiteElo "1468"]
[BlackElo "1834"]
[PlyCount "51"]
[EventDate "2010.05.14"]
[EventType "swiss"]
[EventRounds "8"]
[EventCountry "COL"]
[SourceTitle "EXT 2024"]
[Source "ChessBase"]
[SourceDate "2023.10.10"]
[SourceVersion "1"]
[SourceVersionDate "2023.10.10"]
[SourceQuality "1"]

1. e4 c5 2. c4 Nc6 3. Nc3 g6 4. Nf3 Bg7 5. d3 e6 6. Be2 Nge7 7. Be3 0-0 8. 0-0 d5 9. exd5 exd5 10. d4 cxd4 11. Nxd4 dxc4 12. Bxc4 Qc7 13. Nxc6 Nxc6 14. Nd5 Qd8 15. Qd2 Be6 16. Rab1 Na5 17. b3 Nxc4 18. bxc4 b6 19. Bf4 Rc8 20. Rbc1 b5 21. Qd3 bxc4 22. Rxc4 Rxc4 23. Qxc4 Qxd5 24. Qxd5 Bxd5 25. Bd6 Ra8 26. a3 0-1

[Event "COL-ch School U17 Girls"]
[Site "Yumbo"]
[Date "2010.04.27"]
[Round "5.1"]
[White "Chavez, Diana Maria"]
[Black "Donoso, Sandra"]
[Result "1-0"]
[WhiteElo "1838"]
[BlackElo "1600"]
[PlyCount "109"]
[EventDate "2010.04.27"]
[EventType "swiss"]
[EventRounds "7"]
[EventCountry "COL"]
[SourceTitle "EXT 2024"]
[Source "ChessBase"]
[SourceDate "2023.10.10"]
[SourceVersion "1"]
[SourceVersionDate "2023.10.10"]
[SourceQuality "1"]

1. d4 d5 2. Nf3 Nf6 3. c4 c6 4. Nc3 e6 5. Bf4 Nbd7 6. e3 Be7 7. Bd3 dxc4 8. Bxc4 b5 9. Bb3 0-0 10. 0-0 Nb6 11. Ne5 Bb7 12. Rc1 Rc8 13. Qe2 Bb4 14. Bg5 a6 15. Ne4 Nbd5 16. Nd3 Be7 17. Nec5 Qc7 18. Bxd5 Nxd5 19. Bxe7 Nxe7 20. Rfd1 Rfe8 21. Nf4 Nd5 22. Nxd5 exd5 23. b4 Re7 24. Qd2 Ra8 25. Nb3 Re6 26. Rc3 Bc8 27. Rdc1 Rh6 28. g3 Bf5 29. Na5 Bd7 30. Qc2 Rc8 31. Nb3 Rf6 32. Nc5 Bf5 33. Qd2 a5 34. bxa5 Qxa5 35. Nb3 Qb6 36. Qb2 Qa6 37. Nc5 Qa5 38. Ra3 Qc7 39. Ra6 Rb8 40. Qa3 Bc8 41. Ra7 b4 42. Qa4 Qb6 43. Rb1 Qb5 44. a3 Qxa4 45. Rxa4 Bf5 46. Rbxb4 Re8 47. Ra6 Bh3 48. Rab6 h6 49. a4 Bc8 50. Rb8 Rd6 51. a5 Rdd8 52. a6 Re7 53. R4b7 Bxb7 54. Rxd8+ Kh7 55. axb7 1-0

[Event "COL-ch U20 Girls"]
[Site "Bogota"]
[Date "2010.04.17"]
[Round "5"]
[White "Chavez, Diana Maria"]
[Black "Galvis Pedraza, Maryory"]
[Result "1-0"]
[WhiteElo "1838"]
[BlackElo "1750"]
[PlyCount "73"]
[EventDate "2010.04.15"]
[EventType "swiss"]
[EventRounds "7"]
[EventCountry "COL"]
[SourceTitle "CBM 135 Extra"]
[Source "ChessBase"]
[SourceDate "2010.05.04"]
[SourceVersion "1"]
[SourceVersionDate "2010.05.04"]
[SourceQuality "1"]

1. d4 Nf6 2. Nf3 b6 3. c4 c5 4. d5 e6 5. Nc3 exd5 6. cxd5 d6 7. e4 g6 8. Bb5+ Nbd7 9. Bf4 Nh5 10. Bg5 f6 11. Bh4 g5 12. Nxg5 Nf4 13. Ne6 Nxg2+ 14. Kf1 Qe7 15. Kxg2 a6 16. Qh5+ Qf7 17. Nc7+ Ke7 18. Qxf7+ Kxf7 19. Nxa8 axb5 20. Nxb5 Ne5 21. Nac7 Rg8+ 22. Bg3 f5 23. Ne6 Bxe6 24. dxe6+ Kxe6 25. exf5+ Kxf5 26. Rhd1 Rg6 27. Kf1 Ke6 28. Nc7+ Kd7 29. Nd5 Kc6 30. Rac1 Nf3 31. a4 Rg4 32. b4 Kb7 33. bxc5 dxc5 34. Rb1 Rxa4 35. Rxb6+ Ka7 36. Bb8+ Ka8 37. Nc7# 1-0

[Event "COL-ch U20 Girls"]
[Site "Bogota"]
[Date "2010.04.17"]
[Round "6"]
[White "Chavez, Diana Maria"]
[Black "Santos Morales, Natalia Andrea"]
[Result "1-0"]
[WhiteElo "1838"]
[BlackElo "2030"]
[PlyCount "67"]
[EventDate "2010.04.15"]
[EventType "swiss"]
[EventRounds "7"]
[EventCountry "COL"]
[SourceTitle "CBM 135 Extra"]
[Source "ChessBase"]
[SourceDate "2010.05.04"]
[SourceVersion "1"]
[SourceVersionDate "2010.05.04"]
[SourceQuality "1"]

1. d4 d5 2. Nf3 Nf6 3. c4 e6 4. cxd5 exd5 5. Nc3 c6 6. Bg5 Bf5 7. e3 Bd6 8. Bd3 Bg4 9. Rb1 h6 10. Bh4 g5 11. Bg3 Bxg3 12. hxg3 Qe7 13. b4 Nbd7 14. Qb3 Bxf3 15. gxf3 g4 16. f4 h5 17. Bf5 a6 18. Na4 Ne4 19. Bxd7+ Kxd7 20. Nb6+ Kd6 21. Nxa8 h4 22. Nb6 hxg3 23. Rxh8 gxf2+ 24. Ke2 Qe6 25. b5 g3 26. Qb4+ Kc7 27. Rc8+ Qxc8 28. Nxc8 g2 29. Qe7+ Kxc8 30. Qf8+ Kc7 31. Qe7+ Kb6 32. bxa6+ Ka5 33. Qb4+ Kxa6 34. Qb6# 1-0

[Event "COL-ch U16 Girls"]
[Site "Bogota"]
[Date "2010.03.30"]
[Round "3.1"]
[White "Chavez, Diana Maria"]
[Black "Vargas, Diana Paola"]
[Result "0-1"]
[WhiteElo "1838"]
[BlackElo "1946"]
[PlyCount "58"]
[EventDate "2010.03.29"]
[EventType "swiss"]
[EventRounds "8"]
[EventCountry "COL"]
[SourceTitle "EXT 2024"]
[Source "ChessBase"]
[SourceDate "2023.10.10"]
[SourceVersion "1"]
[SourceVersionDate "2023.10.10"]
[SourceQuality "1"]

1. d4 Nf6 2. Nf3 g6 3. c4 Bg7 4. Nc3 d6 5. e4 0-0 6. Be2 Nbd7 7. 0-0 e5 8. d5 a5 9. Ne1 Nc5 10. f3 h6 11. Be3 b6 12. Nd3 Nh7 13. b4 Nxd3 14. Qxd3 axb4 15. Nb5 Bd7 16. Qb3 Bxb5 17. cxb5 Ra3 18. Qxb4 Rxe3 19. Kf2 Qg5 20. g3 Rxe2+ 21. Kxe2 f5 22. Qc3 fxe4 23. fxe4 Qg4+ 24. Ke3 Nf6 25. Qc2 h5 26. Qxc7 Qxe4+ 27. Kd2 Bh6+ 28. Kd1 Qd3+ 29. Ke1 Qd2# 0-1

[Event "COL-ch U16 Girls"]
[Site "Bogota"]
[Date "2010.03.29"]
[Round "1.1"]
[White "Salazar, Aura Cristina"]
[Black "Chavez, Diana Maria"]
[Result "1-0"]
[WhiteElo "2118"]
[BlackElo "1838"]
[PlyCount "53"]
[EventDate "2010.03.29"]
[EventType "swiss"]
[EventRounds "8"]
[EventCountry "COL"]
[SourceTitle "EXT 2024"]
[Source "ChessBase"]
[SourceDate "2023.10.10"]
[SourceVersion "1"]
[SourceVersionDate "2023.10.10"]
[SourceQuality "1"]

1. e4 c5 2. Nf3 Nc6 3. d4 cxd4 4. Nxd4 Nf6 5. Nc3 g6 6. Bc4 Bg7 7. Nxc6 bxc6 8. e5 Ng8 9. Bf4 e6 10. Qd2 Ne7 11. Ne4 0-0 12. 0-0-0 Qb6 13. h4 Rb8 14. Bb3 Nd5 15. Nf6+ Bxf6 16. exf6 Rb7 17. Bd6 Re8 18. h5 Nxf6 19. Qf4 Nd5 20. Rxd5 exd5 21. hxg6 fxg6 22. Qh6 Kf7 23. Qxh7+ Kf6 24. Qh4+ Kg7 25. Qh6+ Kf7 26. Qf4+ Kg8 27. Qf6 1-0